Guess The Flag by Memory - Statistics

General Stats
  • This quiz has been taken 37 times
  • The average score is 5 of 10
Answer Stats
Question Answer % Correct
What flag includes humans in it? Belize
80%
Which flag has the colour purple? Dominica
80%
Which of these flags has a dragon? Bhutan
60%
Which flag has a maple leaf? Canada
60%
What flag in Europe contains the colour pink? Spain
60%
Which flag has the most stars? United States
60%
What US state flag has a bear on it? California
40%
What flag from 1977 to 2011 was plain green? Libya
40%
What is the oldest flag? Denmark
20%
What is the newest flag? Mauritania
20%
No matching quizzes found
Score Distribution
Percent of People with Each Score
Percentile by Number Answered
Your Score History
You have not taken this quiz